000
002760000a22001090004500
090
_a
AR
_b
04408
245
1
0
_a
On the identification of endemism
041
0
_a
Inglés
100
1
_a
Morrone, Juan J.
_9
4481
942
_c
ARTICULO
773
1
_t
Systematic Biology
_h
3
_q
438-441
_d
1994
_g
43
999
_c
13505
_d
13505